[Event "78. Camp. Interprovinciale PD e Rov"]
[Site "Monselice ITA"]
[Date "2018.01.21"]
[Round "5.3"]
[White "Privitera, Franco"]
[Black "De Napoli, Giuseppe"]
[Result "1-0"]
[WhiteElo "2006"]
[BlackElo "1955"]
[Annotator "Ballarin,Gabriele"]
[PlyCount "41"]
[EventDate "2018.01.19"]
[EventType "swiss"]
[EventRounds "5"]
[EventCountry "ITA"]

1. d4 g6 2. e4 Bg7 3. Nf3 d6 4. Be3 Nf6 5. Bd3 Bg4 6. Nc3 Nc6 7. Bb5 Nd7 8. h3 Bxf3 9. gxf3 e5 10. dxe5 Ndxe5 11. f4 Nd7 12. Qd2 a6 13. Bc4 Nf6 14. O-O-O b5 15. Bd5 Qd7 16. e5 dxe5 17. fxe5 Nxd5 18. Nxd5 Rd8 19. Bc5 Nxe5 20. Qg5 Qc6 21. Qe7# 1-0

[Event "78. Camp. Interprovinciale PD e Rov"]
[Site "Monselice ITA"]
[Date "2018.01.21"]
[Round "5.4"]
[White "Pomaro, Stefano"]
[Black "Giuriato, Sergio"]
[Result "1/2-1/2"]
[WhiteElo "1713"]
[BlackElo "1940"]
[Annotator "Ballarin,Gabriele"]
[PlyCount "53"]
[EventDate "2018.01.19"]
[EventType "swiss"]
[EventRounds "5"]
[EventCountry "ITA"]

1. e4 Nc6 2. Nf3 e5 3. Nc3 Nf6 4. Bb5 d6 5. d4 Bd7 6. O-O exd4 7. Nxd4 Be7 8. Re1 O-O 9. b3 Nxd4 10. Qxd4 Bxb5 11. Nxb5 Nd7 12. Rb1 Bf6 13. Qd1 a6 14. Nd4 Re8 15. Bb2 Nc5 16. Qg4 d5 17. Nf5 Bxb2 18. e5 Bxe5 19. Rxe5 Qf6 20. Rxd5 Ne4 21. Re1 Nd6 22. Rxe8+ {=} Rxe8 23. g3 Nxf5 24. Qxf5 Qxf5 25. Rxf5 Rd8 26. Re5 Kf8 27. Kf1 1/2-1/2

[Event "78. Camp. Interprovinciale PD e Rov"]
[Site "Monselice ITA"]
[Date "2018.01.21"]
[Round "5.5"]
[White "Gregori, Giacomo"]
[Black "Balestra, Stefano"]
[Result "1-0"]
[WhiteElo "2273"]
[BlackElo "1734"]
[Annotator "Ballarin,Gabriele"]
[PlyCount "71"]
[EventDate "2018.01.19"]
[EventType "swiss"]
[EventRounds "5"]
[EventCountry "ITA"]

1. c4 Nf6 2. g3 g6 3. Bg2 Bg7 4. Nc3 d6 5. d3 e5 6. e4 Nc6 7. Nge2 O-O 8. O-O Bg4 9. f3 Be6 10. Nd5 Nd7 11. Be3 Ne7 12. d4 exd4 13. Nxd4 c6 14. Nxe6 fxe6 15. Nf4 Rf6 16. Bh3 Nf8 17. c5 e5 18. Nd3 Qc7 19. cxd6 Rxd6 20. Qb3+ Kh8 21. Rad1 b6 22. Nf2 Rad8 23. Rxd6 Rxd6 24. Rd1 Qd8 25. Rxd6 Qxd6 26. Kg2 c5 27. Ng4 Ne6 28. Nh6 Bxh6 29. Bxh6 Nf4+ 30. gxf4 Qd2+ 31. Kf1 Qxh2 32. Qe6 Qh1+ 33. Ke2 Qh2+ 34. Kd3 c4+ 35. Kc3 Nd5+ 36. Qxd5 1-0

[Event "78. Camp. Interprovinciale PD e Rov"]
[Site "Monselice ITA"]
[Date "2018.01.21"]
[Round "5.6"]
[White "Capitò, Mario"]
[Black "Sinato, Fabrizio"]
[Result "1-0"]
[WhiteElo "1817"]
[BlackElo "1856"]
[Annotator "Ballarin,Gabriele"]
[PlyCount "86"]
[EventDate "2018.01.19"]
[EventType "swiss"]
[EventRounds "5"]
[EventCountry "ITA"]

1. g3 d5 2. Bg2 e6 3. d3 Nf6 4. Nf3 Be7 5. O-O O-O 6. c4 c5 7. Qc2 Nc6 8. Bg5 d4 9. Nbd2 Qc7 10. Rad1 Rd8 11. a3 h6 12. Bxf6 Bxf6 13. Rfe1 Rb8 14. Nf1 e5 15. h3 Be6 16. N3d2 Qd7 17. Kh2 Be7 18. Nf3 Kh8 19. e3 b5 20. b3 a5 21. exd4 Nxd4 22. Nxd4 exd4 23. Nd2 Rb6 24. Nf3 Rdb8 25. Ne5 Qc7 26. Rd2 bxc4 27. bxc4 Rb3 28. Rde2 Bd6 29. Qc1 Bxe5 30. Rxe5 Rxd3 31. Bd5 Bxd5 32. cxd5 Rbb3 33. Qf4 Qd7 34. Qe4 g6 35. Re8+ Kh7 36. Qe5 g5 37. Qh8+ Kg6 38. Rg8+ Kh5 39. g4+ Qxg4 40. hxg4+ Kxg4 41. Re4+ Kf3 42. Qe5 Kxf2 43. Re2+ Kf1 1-0

[Event "78. Camp. Interprovinciale PD e Rov"]
[Site "Monselice ITA"]
[Date "2018.01.21"]
[Round "5.7"]
[White "De Marzi, Davide"]
[Black "Pilotto, Alessandro"]
[Result "1-0"]
[WhiteElo "1521"]
[BlackElo "1583"]
[Annotator "Ballarin,Gabriele"]
[PlyCount "133"]
[EventDate "2018.01.19"]
[EventType "swiss"]
[EventRounds "5"]
[EventCountry "ITA"]

1. d4 d6 2. Bf4 Nf6 3. Nf3 g6 4. e3 Bg7 5. Nbd2 c6 6. Be2 b5 7. c3 Bb7 8. O-O O-O 9. e4 Nh5 10. Be3 e5 11. Re1 Nd7 12. Nb3 a5 13. a4 b4 14. Qd2 bxc3 15. bxc3 Ndf6 16. Bd3 Ng4 17. Bg5 f6 18. Bh4 Nf4 19. Bc2 g5 20. Bg3 h5 21. h4 Bh6 22. Bxf4 gxf4 23. Rab1 Ba6 24. Bd3 Bxd3 25. Qxd3 Kh8 26. d5 c5 27. Nbd2 Qd7 28. Qb5 Qa7 29. Qb7 f5 30. Qxa7 Rxa7 31. Rb6 Rd8 32. exf5 Nf6 33. c4 Bf8 34. Ng5 Kg8 35. Ne6 Nd7 36. Rxd6 Bxd6 37. Nxd8 Nb6 38. Nc6 Rf7 39. Nxa5 Nxa4 40. Nc6 Rxf5 41. Ne4 Bf8 42. d6 Nb6 43. Nxc5 Bxd6 44. Nb7 Nxc4 45. Nxd6 Nxd6 46. Rxe5 Rxe5 47. Nxe5 Nf5 48. Nd3 Nxh4 49. Nxf4 Kg7 50. Nxh5+ Kg6 51. Nf4+ Kf5 52. g3 Nf3+ 53. Kf1 Kg4 54. Ke2 Nd4+ 55. Kd3 Nf3 56. Ke3 Ne5 57. Nd5 Nc4+ 58. Ke2 Ne5 59. Ne3+ Kh3 60. f4 Ng6 61. Kf3 Nh8 62. g4 Ng6 63. g5 Nh4+ 64. Ke4 Ng6 65. f5 Nf8 66. g6 Nd7 67. Nd5 1-0

[Event "78. Camp. Interprovinciale PD e Rov"]
[Site "Monselice ITA"]
[Date "2018.01.21"]
[Round "5.8"]
[White "Zangheratti, Daniele"]
[Black "Taddia, Davide"]
[Result "0-1"]
[WhiteElo "1874"]
[BlackElo "1482"]
[Annotator "Ballarin,Gabriele"]
[PlyCount "114"]
[EventDate "2018.01.19"]
[EventType "swiss"]
[EventRounds "5"]
[EventCountry "ITA"]

1. d4 c5 2. d5 e6 3. c4 exd5 4. cxd5 d6 5. Nc3 Nf6 6. Nf3 g6 7. Bf4 a6 8. e4 Bg7 9. Bd3 Bg4 10. h3 Bxf3 11. Qxf3 O-O 12. O-O Nh5 13. Bd2 Nd7 14. Qe2 Re8 15. Rae1 b5 16. a3 c4 17. Bb1 Nc5 18. Qf3 Nb3 19. Be3 Qc7 20. Qd1 Rab8 21. Bc2 Nc5 22. Bd4 b4 23. Bxg7 Nxg7 24. axb4 Rxb4 25. Qc1 Reb8 26. Nd1 Ne8 27. f4 Qb6 28. Kh1 Na4 29. Bxa4 Rxa4 30. f5 Qd4 31. fxg6 hxg6 32. Qf4 Rb7 33. Qg4 Re7 34. h4 Nf6 35. Qg5 Rxe4 36. Ne3 Rxh4+ 37. Kg1 Kg7 38. Rf2 Rh5 39. Nf5+ Kf8 40. Nxd4 Rxg5 41. Rxf6 Rxd5 42. Nc6 Ra2 43. Nd8 Rf5 44. Rxf5 gxf5 45. Rb1 Ke7 46. Nc6+ Ke6 47. Kh2 d5 48. Kg3 Kd6 49. Nb4 Ra4 50. Nc2 Kc5 51. Kf4 d4 52. Kxf5 d3 53. Ne3 Kd4 54. Nd1 Rb4 55. Ra1 Rb6 56. Ra5 Rb5+ 57. Rxb5 axb5 0-1

[Event "78. Camp. Interprovinciale PD e Rov"]
[Site "Monselice ITA"]
[Date "2018.01.21"]
[Round "5.9"]
[White "Martarello, Andrea"]
[Black "Rosina, Graziano"]
[Result "0-1"]
[WhiteElo "1540"]
[BlackElo "1789"]
[Annotator "Ballarin,Gabriele"]
[PlyCount "56"]
[EventDate "2018.01.19"]
[EventType "swiss"]
[EventRounds "5"]
[EventCountry "ITA"]

1. d4 d5 2. c4 c6 3. e3 Nf6 4. Nc3 e6 5. Bd3 Nbd7 6. Nge2 Bd6 7. Qc2 h6 8. a3 O-O 9. e4 dxe4 10. Nxe4 Nxe4 11. Bxe4 Qh4 12. g3 Qh3 13. Bf4 Bxf4 14. Nxf4 Qg4 15. f3 Qg5 16. Kf2 e5 17. h4 Qe7 18. Ne2 exd4 19. Nxd4 Qc5 20. Rad1 Ne5 21. Rhe1 f5 22. b4 Qxc4 23. Bxf5 Bxf5 24. Qe2 Qxe2+ 25. Rxe2 Nc4 26. Re7 Rad8 27. Rxb7 Rf7 28. Nxf5 Rxd1 0-1

[Event "78. Camp. Interprovinciale PD e Rov"]
[Site "Monselice ITA"]
[Date "2018.01.21"]
[Round "5.10"]
[White "Aliberti, Nicola"]
[Black "Cervatti, Michele"]
[Result "1/2-1/2"]
[WhiteElo "1679"]
[BlackElo "1504"]
[Annotator "Ballarin,Gabriele"]
[PlyCount "109"]
[EventDate "2018.01.19"]
[EventType "swiss"]
[EventRounds "5"]
[EventCountry "ITA"]

1. d4 d5 2. Nf3 Nf6 3. Nc3 Bf5 4. Bf4 c6 5. e3 e6 6. a3 Nbd7 7. Bd3 Bxd3 8. cxd3 Nb6 9. O-O Bd6 10. Bxd6 Qxd6 11. b4 Nbd7 12. Qb3 O-O 13. Rac1 Rfc8 14. Rc2 a5 15. Rfc1 axb4 16. axb4 Ra7 17. Nb5 Qb8 18. Nxa7 Qxa7 19. Ne5 Nxe5 20. dxe5 Nd7 21. d4 f6 22. exf6 Nxf6 23. Qa2 Qb8 24. b5 Ng4 25. g3 Qd6 26. bxc6 bxc6 27. h3 Nxe3 28. Rxc6 Rxc6 29. Qa8+ Qf8 30. Qxc6 Nc4 31. Qxe6+ Qf7 32. Qc8+ Qf8 33. Rxc4 dxc4 34. Qxc4+ Kh8 35. Qc5 Qe8 36. d5 Qe1+ 37. Kh2 Kg8 38. d6 Qe6 39. Qc7 Qf5 40. Qc4+ Kf8 41. Qd4 Qd7 42. Qc5 Ke8 43. Qh5+ g6 44. Qe5+ Kf7 45. h4 Qa7 46. Qf4+ Ke6 47. Qe3+ Qxe3 48. fxe3 Kxd6 49. Kg2 Ke5 50. Kf3 h6 51. g4 g5 52. h5 Kd5 53. e4+ Kd4 54. e5 Kxe5 55. Ke3 1/2-1/2

[Event "78. Camp. Interprovinciale PD e Rov"]
[Site "Monselice ITA"]
[Date "2018.01.21"]
[Round "5.11"]
[White "Giannati, Manuel"]
[Black "Minei, Giovanni"]
[Result "1/2-1/2"]
[WhiteElo "1476"]
[BlackElo "1613"]
[Annotator "Ballarin,Gabriele"]
[PlyCount "127"]
[EventDate "2018.01.19"]
[EventType "swiss"]
[EventRounds "5"]
[EventCountry "ITA"]

1. e4 c6 2. d4 d5 3. Nc3 dxe4 4. Nxe4 Bf5 5. Ng3 Bg6 6. Bd3 Bxd3 7. Qxd3 e6 8. Nf3 Nf6 9. O-O Be7 10. Bf4 O-O 11. c4 c5 12. Rfd1 Qb6 13. h3 cxd4 14. Be5 Rd8 15. Bxd4 Qd6 16. Qe2 Qc7 17. Be5 Qa5 18. Rxd8+ Qxd8 19. Rd1 Qa5 20. b3 Nc6 21. Bd6 Bxd6 22. Rxd6 Rd8 23. Rxd8+ Qxd8 24. Qd2 Qxd2 25. Nxd2 Kf8 26. Nde4 Ke7 27. Kf1 b6 28. Ke2 Nxe4 29. Nxe4 f5 30. Nc3 Kd6 31. Kd2 Kc5 32. a3 Nd4 33. Na4+ Kd6 34. b4 e5 35. f3 g5 36. c5+ bxc5 37. Nxc5 Kd5 38. Kd3 a5 39. g4 axb4 40. axb4 f4 41. Ne4 Nxf3 42. Nf6+ Kc6 43. Nxh7 Kb5 44. Ke4 Nd2+ 45. Kd3 Nf3 46. Ke4 Ng1 47. Nxg5 f3 48. Nxf3 Nxh3 49. Kxe5 Kxb4 50. Kf5 Kc5 51. Kg6 Kd6 52. Kh5 Ke7 53. Kh4 Nf4 54. g5 Kf8 55. Kg4 Ng6 56. Nh4 Kg7 57. Nf5+ Kg8 58. Kh5 Kh7 59. Nh4 Nxh4 60. Kxh4 Kg6 61. Kg4 Kg7 62. Kf5 Kf7 63. g6+ Kg7 64. Kg5 1/2-1/2

[Event "78. Camp. Interprovinciale PD e Rov"]
[Site "Monselice ITA"]
[Date "2018.01.21"]
[Round "5.12"]
[White "Pasin, Mattia"]
[Black "Belloni, Umberto"]
[Result "1-0"]
[WhiteElo "1690"]
[BlackElo "1715"]
[Annotator "Ballarin,Gabriele"]
[PlyCount "53"]
[EventDate "2018.01.19"]
[EventType "swiss"]
[EventRounds "5"]
[EventCountry "ITA"]

1. d4 d5 2. c4 c6 3. Nf3 a6 4. a4 Bg4 5. Nc3 Bxf3 6. gxf3 e6 7. e4 dxc4 8. Bxc4 Bd6 9. Qb3 Qc7 10. Rg1 g6 11. f4 c5 12. d5 e5 13. fxe5 Bxe5 14. f4 Bxf4 15. Bxf4 Qxf4 16. Qxb7 Nf6 17. Qc8+ Ke7 18. Qxh8 Nxe4 19. Nxe4 Qxe4+ 20. Be2 Qh4+ 21. Rg3 Qb4+ 22. Qc3 Nd7 23. Qxb4 cxb4 24. Rc1 Nb6 25. Rc7+ Kf8 26. d6 Rd8 27. Rd3 1-0

[Event "78. Camp. Interprovinciale PD e Rov"]
[Site "Monselice ITA"]
[Date "2018.01.21"]
[Round "5.13"]
[White "Alfier, Cecilia"]
[Black "Renier, Renzo"]
[Result "0-1"]
[WhiteElo "1641"]
[BlackElo "1936"]
[Annotator "Gabriele Ballarin"]
[PlyCount "60"]
[EventDate "2018.01.19"]
[EventType "swiss"]
[EventRounds "5"]
[EventCountry "ITA"]

{[%evp 0,60,28,28,27,24,16,11,26,27,4,5,5,-1,-3,-16,-10,-4,29,23,44,30,14,9,24,12,7,3,10,-20,-13,-14,-17,-18,-9,11,-14,-105,-203,-241,-82,-92,-89,-84,-94,-142,-153,-148,-164,-161,-143,-133,-118,-131,-128,-150,-131,-166,-141,-144,-137,-148,-154]} 1. e4 e5 2. Nf3 Nc6 3. Bc4 Bc5 4. O-O Nf6 5. Nc3 d6 6. h3 O-O 7. a3 a6 8. d3 h6 9. Be3 Ba7 10. Nd5 Nxd5 11. Bxd5 Ne7 12. Ba2 Ng6 13. Qd2 Qf6 14. Qe2 Nf4 15. Bxf4 Qxf4 16. c3 Kh8 17. d4 f5 18. dxe5 fxe4 19. Nd2 Qxe5 (19... Bxh3 20. Nxe4 Bg4 21. Qd3 Rae8) (19... d5 20. Bxd5 Rd8 21. Qxe4 Qxe4 22. Bxe4 Rxd2) 20. Qxe4 Qxe4 21. Nxe4 Bf5 22. Ng3 $2 (22. Bb1 Rae8 23. Ng3 Bd7) 22... Bd3 23. Rfd1 Bxf2+ 24. Kh2 Bb5 $6 (24... Bg6) 25. Bd5 Bc6 26. Bxc6 bxc6 27. Rd2 Rae8 28. a4 Be3 29. Re2 Bf4 30. Rxe8 Rxe8 0-1

[Event "78. Camp. Interprovinciale PD e Rov"]
[Site "Monselice ITA"]
[Date "2018.01.21"]
[Round "5.14"]
[White "Gialain, Mirco"]
[Black "Martinello, Edoardo"]
[Result "0-1"]
[WhiteElo "1461"]
[BlackElo "1610"]
[Annotator "Ballarin,Gabriele"]
[PlyCount "60"]
[EventDate "2018.01.19"]
[EventType "swiss"]
[EventRounds "5"]
[EventCountry "ITA"]

1. e4 c6 2. Nf3 d5 3. exd5 cxd5 4. d4 Nf6 5. Nbd2 Nc6 6. a3 Bg4 7. Be2 e6 8. O-O Bd6 9. c3 O-O 10. Re1 Qc7 11. Nf1 Ne4 12. Bd3 f5 13. Be3 Na5 14. Be2 Nc4 15. Bc1 Rf6 16. N3d2 Ncxd2 17. Bxd2 Rg6 18. g3 Bh3 19. Bh5 Rf6 20. f3 Nxd2 21. Qxd2 Bxf1 22. Rxf1 g6 23. Qg5 Qg7 24. Bxg6 Rxg6 25. Qe3 Rxg3+ 26. Kf2 Rg6 27. Rg1 Kf7 28. Rae1 Qf6 29. Rxg6 hxg6 30. Qh6 Rh8 0-1

[Event "78. Camp. Interprovinciale PD e Rov"]
[Site "Monselice ITA"]
[Date "2018.01.21"]
[Round "5.15"]
[White "Di Buono, Giovanni"]
[Black "Lovisetto, Giampaolo"]
[Result "1/2-1/2"]
[WhiteElo "1457"]
[BlackElo "1556"]
[Annotator "Ballarin,Gabriele"]
[PlyCount "65"]
[EventDate "2018.01.19"]
[EventType "swiss"]
[EventRounds "5"]
[EventCountry "ITA"]

1. d4 d5 2. Nf3 Nf6 3. Bf4 e6 4. e3 Bd6 5. Bg3 Ne4 6. Bd3 Nxg3 7. hxg3 g6 8. Nbd2 Nc6 9. c3 a6 10. Qc2 O-O 11. O-O-O e5 12. dxe5 Nxe5 13. Nxe5 Bxe5 14. Rh2 Kg7 15. f4 Bd6 16. Rdh1 Rh8 17. Nf3 f6 18. Bxg6 h6 19. f5 Qe7 20. Re1 Bxg3 21. Re2 Bxh2 22. Nxh2 Bd7 23. e4 Bb5 24. Re3 c5 25. Nf3 d4 26. Re1 d3 27. Qd2 c4 28. e5 Bd7 29. Qf4 Rac8 30. Qg3 Kf8 31. Nd4 Rc5 32. exf6 Qxf6 33. Qb8+ {=} 1/2-1/2

[Event "78. Camp. Interprovinciale PD e Rov"]
[Site "Monselice ITA"]
[Date "2018.01.21"]
[Round "5.16"]
[White "Stanila, Serban"]
[Black "Alessi, Giovanni"]
[Result "0-1"]
[WhiteElo "1522"]
[BlackElo "1482"]
[Annotator "Ballarin,Gabriele"]
[PlyCount "97"]
[EventDate "2018.01.19"]
[EventType "swiss"]
[EventRounds "5"]
[EventCountry "ITA"]

1. e4 e6 2. Nf3 c6 3. d4 d5 4. exd5 cxd5 5. Bb5+ Bd7 6. Bxd7+ Nxd7 7. O-O Ngf6 8. Bg5 Be7 9. Nc3 a6 10. Qd3 O-O 11. Rfe1 Rc8 12. Ne2 Ne4 13. Bxe7 Qxe7 14. Nd2 Ndf6 15. Ng3 Nxg3 16. hxg3 Qd6 17. c3 Rfe8 18. Nf3 Ne4 19. Qe3 f5 20. Ne5 Qe7 21. Kh2 g5 22. f3 Nxg3 23. f4 gxf4 24. Qxf4 Ne4 25. Re3 Rc7 26. Rh1 Qg7 27. Kg1 Ree7 28. Rhh3 Qf6 29. Rh6 Qg7 30. Rh5 Kf8 31. Reh3 Qg8 32. Qh4 Ke8 33. Rh6 Rg7 34. Rh2 Rce7 35. Qh5+ Kd8 36. Qe2 Rg3 37. Qh5 Rgg7 38. Qe2 Rc7 39. Qh5 Ng3 40. Qd1 Kc8 41. Qf3 Rg5 42. Qd3 Kb8 43. Kf2 Rcg7 44. Nf3 Ne4+ 45. Kf1 Rxg2 46. Rxg2 Rxg2 47. c4 Rxb2 48. cxd5 Qg2+ 49. Ke1 0-1

[Event "78. C.to Provinciale Assoluto VR"]
[Site "Zevio Verona ITA"]
[Date "2018.01.26"]
[Round "1.1"]
[White "Luciani, Valerio"]
[Black "Peloni, Davide"]
[Result "1-0"]
[WhiteElo "2263"]
[BlackElo "1855"]
[Annotator "Gabriele Ballarin"]
[PlyCount "45"]
[EventDate "2018.01.26"]
[EventType "swiss"]
[EventRounds "5"]
[EventCountry "ITA"]

1. d4 d5 2. c4 e5 3. dxe5 d4 4. Nf3 Nc6 5. a3 Nge7 6. b4 Ng6 7. Bb2 a5 8. b5 Ncxe5 9. Nxe5 Nxe5 10. e3 Be6 11. Bxd4 Nxc4 12. Qc2 Nd6 13. Bd3 Qg5 14. O-O Nxb5 15. Bxb5+ Qxb5 16. Qxc7 Rc8 17. Qg3 Qf5 18. Nc3 Qg6 19. Rfb1 Qxg3 20. hxg3 Rc7 21. Rb5 Bd7 22. Re5+ Kd8 23. Bb6 1-0

[Event "78. C.to Provinciale Assoluto VR"]
[Site "Zevio Verona ITA"]
[Date "2018.01.26"]
[Round "1.3"]
[White "Zanchetta, Nicola"]
[Black "Bonini, Roberto"]
[Result "1-0"]
[WhiteElo "2041"]
[BlackElo "1843"]
[Annotator "Gabriele Ballarin"]
[PlyCount "125"]
[EventDate "2018.01.26"]
[EventType "swiss"]
[EventRounds "5"]
[EventCountry "ITA"]

1. d4 Nf6 2. c4 g6 3. f3 Bg7 4. e4 d6 5. Nc3 O-O 6. Be3 e5 7. d5 a5 8. Qd2 Ne8 9. g4 f5 10. h3 Qh4+ 11. Bf2 Qd8 12. Bd3 Na6 13. gxf5 gxf5 14. h4 Qf6 15. h5 Bh6 16. Be3 Bxe3 17. Qxe3 f4 18. Qf2 Nc5 19. Bf1 Kh8 20. O-O-O a4 21. Nh3 Rg8 22. Ne2 Qh6 23. Qh4 Qf6 24. Qe1 Qh6 25. Qh4 Qf6 26. Nf2 Qxh4 27. Rxh4 Nf6 28. Kd2 h6 29. Bh3 Rg5 30. Rh1 Bd7 31. Bxd7 Ncxd7 32. Nc3 Nb6 33. Kd3 Rg2 34. Nfd1 Rg3 35. Rf1 Rag8 36. Nb5 Ne8 37. b3 Rg1 38. Ke2 R8g3 39. Rxg1 Rxg1 40. Rh2 axb3 41. axb3 Nd7 42. b4 Nb6 43. c5 Nd7 44. c6 bxc6 45. dxc6 Ndf6 46. Nbc3 Rg5 47. Nd5 Nxh5 48. b5 Ng3+ 49. Kf2 Kh7 50. b6 cxb6 51. c7 Nxc7 52. Nxc7 Rg7 53. Nb5 Rg8 54. Nxd6 Rd8 55. Rxh6+ Kg7 56. Re6 b5 57. Nc3 b4 58. Nd5 Rb8 59. Re7+ Kg6 60. Rxe5 b3 61. Re6+ Kg7 62. Re7+ Kf8 63. Rf7+ 1-0

[Event "78. C.to Provinciale Assoluto VR"]
[Site "Zevio Verona ITA"]
[Date "2018.01.27"]
[Round "2.1"]
[White "Bortolazzi, Michele"]
[Black "Luciani, Valerio"]
[Result "1-0"]
[WhiteElo "1922"]
[BlackElo "2263"]
[Annotator "Gabriele Ballarin"]
[PlyCount "103"]
[EventDate "2018.01.26"]
[EventType "swiss"]
[EventRounds "5"]
[EventCountry "ITA"]

1. e4 c5 2. Nf3 d6 3. d4 cxd4 4. Nxd4 Nf6 5. Nc3 a6 6. f4 e5 7. Nf3 Qc7 8. Bd3 Nbd7 9. O-O Be7 10. Qe1 O-O 11. Kh1 exf4 12. Bxf4 Ne5 13. Nxe5 dxe5 14. Bg5 Be6 15. Bxf6 Bxf6 16. Nd5 Bxd5 17. exd5 Be7 18. c4 a5 19. Rc1 Bc5 20. a3 a4 21. Qd1 Ra6 22. Bc2 Bd4 23. Rb1 Rb6 24. Qd3 Rh6 25. h3 Ra8 26. Qf5 Raa6 27. Bd3 Rab6 28. Be4 g6 29. Qg4 Kg7 30. Qe2 f5 31. Bc2 Ra6 32. b4 axb3 33. Rxb3 Bc5 34. Rfb1 b6 35. Qd2 Qd6 36. a4 Rh4 37. Qe2 e4 38. Rb5 Qe5 39. Bb3 Qg3 40. Qe1 Bf2 41. Qf1 Rf4 42. d6 Bc5 43. Qe1 Rf2 44. Qg1 Rb2 45. Rxc5 Rxb3 46. Rxb3 Qxb3 47. Rc7+ Kh6 48. Qc1+ e3 49. d7 Qd3 50. d8=Q Qxd8 51. Qxe3+ g5 52. Qe6+ 1-0

[Event "78. C.to Provinciale Assoluto VR"]
[Site "Zevio Verona ITA"]
[Date "2018.01.27"]
[Round "2.3"]
[White "Pisani, Valerio"]
[Black "Zanchetta, Nicola"]
[Result "0-1"]
[WhiteElo "1660"]
[BlackElo "2041"]
[Annotator "Gabriele Ballarin"]
[PlyCount "80"]
[EventDate "2018.01.26"]
[EventType "swiss"]
[EventRounds "5"]
[EventCountry "ITA"]

1. e4 c5 2. Nf3 e6 3. d4 cxd4 4. Nxd4 Bc5 5. Nc3 Qb6 6. Na4 Qa5+ 7. c3 Bxd4 8. Qxd4 Nf6 9. Qc5 Qxc5 10. Nxc5 b6 11. e5 bxc5 12. exf6 gxf6 13. Be3 d6 14. O-O-O Ke7 15. Bd3 Bb7 16. f3 Nd7 17. Rhg1 a5 18. Bb5 Nb6 19. Be2 a4 20. Rd2 a3 21. b3 Nd5 22. Rd3 Nxe3 23. Rxe3 d5 24. Rd1 Rac8 25. f4 d4 26. Rg3 e5 27. Bg4 Rcg8 28. cxd4 cxd4 29. fxe5 fxe5 30. Rdd3 Be4 31. Rd2 f5 32. Bf3 Rxg3 33. hxg3 Rc8+ 34. Kd1 Rc3 35. Rf2 Ke6 36. g4 Bxf3+ 37. gxf3 fxg4 38. fxg4 Rg3 39. Rh2 Rxg4 40. Rxh7 Rg2 0-1

[Event "78. C.to Provinciale Assoluto VR"]
[Site "Zevio Verona ITA"]
[Date "2018.01.27"]
[Round "3.2"]
[White "Zanchetta, Nicola"]
[Black "Bortolazzi, Michele"]
[Result "1-0"]
[WhiteElo "2041"]
[BlackElo "1922"]
[Annotator "Gabriele Ballarin"]
[PlyCount "75"]
[EventDate "2018.01.26"]
[EventType "swiss"]
[EventRounds "5"]
[EventCountry "ITA"]

1. e4 e5 2. Nf3 Nc6 3. Bb5 a6 4. Bxc6 dxc6 5. O-O f6 6. d4 exd4 7. Qxd4 Qxd4 8. Nxd4 Bd6 9. Be3 Ne7 10. Nd2 Ng6 11. Nc4 Ne5 12. Nxe5 fxe5 13. Nb3 O-O 14. Rfd1 b6 15. Bxb6 Rd8 16. Bc5 Be6 17. Bxd6 cxd6 18. Na5 Rd7 19. Rd2 Rc8 20. Rad1 d5 21. Nb3 d4 22. Nc5 Re7 23. c3 dxc3 24. bxc3 Bc4 25. f3 a5 26. a4 Rb8 27. Rd8+ Re8 28. Rxe8+ Rxe8 29. Rd6 Rc8 30. h4 Kf7 31. Kh2 h6 32. h5 Ke7 33. Rd7+ Kf6 34. Ra7 Bf7 35. Rxa5 Bxh5 36. Nd7+ Ke6 37. Nxe5 c5 38. Nd3 1-0

[Event "78. C.to Provinciale Assoluto VR"]
[Site "Zevio Verona ITA"]
[Date "2018.01.27"]
[Round "3.5"]
[White "Luciani, Valerio"]
[Black "Kapllani, Shpetim"]
[Result "1-0"]
[WhiteElo "2263"]
[BlackElo "1631"]
[Annotator "Gabriele Ballarin"]
[PlyCount "55"]
[EventDate "2018.01.26"]
[EventType "swiss"]
[EventRounds "5"]
[EventCountry "ITA"]

1. e4 c6 2. d4 d5 3. e5 e6 4. Bd3 c5 5. c3 Nc6 6. Be3 Qb6 7. Qd2 Bd7 8. Nf3 c4 9. Be2 Qc7 10. Qc2 b5 11. O-O a5 12. Nbd2 b4 13. b3 bxc3 14. Qxc3 Bb4 15. Qc2 Bxd2 16. Nxd2 cxb3 17. Nxb3 Nge7 18. Rfc1 O-O 19. Nc5 Qa7 20. a3 Rab8 21. Bd3 g6 22. Qd2 Rb6 23. Bg5 Nxd4 24. Bxe7 f5 25. Bxf8 Kxf8 26. Nxd7+ Qxd7 27. Qxa5 Qb7 28. Qc5+ 1-0

[Event "78. C.to Provinciale Assoluto VR"]
[Site "Zevio Verona ITA"]
[Date "2018.01.28"]
[Round "4.4"]
[White "Bonavigo, Claudio"]
[Black "Luciani, Valerio"]
[Result "0-1"]
[WhiteElo "1764"]
[BlackElo "2263"]
[Annotator "Gabriele Ballarin"]
[PlyCount "90"]
[EventDate "2018.01.26"]
[EventType "swiss"]
[EventRounds "5"]
[EventCountry "ITA"]

1. e4 d6 2. d4 Nf6 3. Nc3 c6 4. Bd3 e5 5. dxe5 dxe5 6. h3 Bc5 7. Nf3 Nbd7 8. O-O O-O 9. a3 a5 10. a4 Re8 11. Re1 Qb6 12. Qe2 Nf8 13. Nd1 Ng6 14. Be3 Nf4 15. Qf1 Bxe3 16. fxe3 Ng6 17. b3 Qb4 18. Nf2 Re7 19. Qe2 h6 20. Qd2 Qc5 21. Kh2 Be6 22. Qe2 Bd7 23. Nd2 b5 24. c4 b4 25. Nf1 Qb6 26. Rad1 c5 27. Ng3 Qc7 28. Kg1 Nf8 29. Nh5 Ra6 30. Nxf6+ Rxf6 31. Rf1 Rg6 32. Kh1 Nh7 33. Rg1 Bc6 34. g4 Qb7 35. h4 Re8 36. Rdf1 Qe7 37. g5 hxg5 38. h5 Rh6 39. Rg2 f5 40. Kg1 g4 41. Nh1 Rf8 42. exf5 Bxg2 43. Qxg2 Rxh5 44. Ng3 Rh3 45. e4 Qh4 0-1

[Event "78. C.to Provinciale Assoluto VR"]
[Site "Zevio Verona ITA"]
[Date "2018.01.28"]
[Round "5.2"]
[White "Luciani, Valerio"]
[Black "Bertani, Gianfranco"]
[Result "1-0"]
[WhiteElo "2264"]
[BlackElo "1983"]
[Annotator "Gabriele Ballarin"]
[PlyCount "79"]
[EventDate "2018.01.26"]
[EventType "swiss"]
[EventRounds "5"]
[EventCountry "ITA"]

1. d4 d5 2. c4 e6 3. Nc3 c6 4. Nf3 f5 5. Bf4 Nf6 6. e3 Be7 7. Qc2 O-O 8. Bd3 Na6 9. a3 Bd7 10. cxd5 Nxd5 11. Be5 Nxc3 12. Qxc3 Nc7 13. Qb3 b6 14. Bxc7 Qxc7 15. Rc1 Bf6 16. Bxf5 Qd6 17. O-O Kh8 18. Bb1 g5 19. Rfd1 Be8 20. Qc2 Rf7 21. h3 Rg7 22. e4 Qf4 23. e5 Be7 24. Qe4 Qf8 25. Rc3 Rc8 26. Qe2 Bh5 27. g4 Bf7 28. Rdc1 c5 29. dxc5 bxc5 30. b4 Be8 31. bxc5 Bc6 32. Nd4 Bd5 33. Ba2 Rxc5 34. Bxd5 Rxd5 35. Nxe6 Qf7 36. Nxg7 Kxg7 37. Rc7 Ra5 38. Rd1 Rc5 39. e6 Qf6 40. Rxe7+ 1-0

[Event "78. C.to Provinciale Assoluto VR"]
[Site "Zevio Verona ITA"]
[Date "2018.01.28"]
[Round "5.4"]
[White "Zanchetta, Nicola"]
[Black "Fusa, Nicola"]
[Result "1-0"]
[WhiteElo "2041"]
[BlackElo "1647"]
[Annotator "Gabriele Ballarin"]
[PlyCount "83"]
[EventDate "2018.01.26"]
[EventType "swiss"]
[EventRounds "5"]
[EventCountry "ITA"]

1. e4 c5 2. Nf3 d6 3. Bb5+ Bd7 4. Bxd7+ Nxd7 5. c4 Ngf6 6. Nc3 e6 7. d4 cxd4 8. Qxd4 Qb6 9. Be3 Qxd4 10. Bxd4 Be7 11. Ke2 a6 12. Nd2 O-O 13. f3 Rfd8 14. g4 Ne8 15. h4 Bf6 16. Bxf6 Nexf6 17. g5 Nh5 18. Ke3 Rac8 19. Rac1 b6 20. Ne2 Kh8 21. Rhd1 f6 22. Nf1 Ne5 23. b3 fxg5 24. hxg5 Nc6 25. f4 g6 26. Nh2 Kg8 27. Ng4 Kf7 28. Rd2 Ke7 29. Rcd1 Rb8 30. Nd4 Nxd4 31. Rxd4 Nxf4 32. e5 dxe5 33. Nxe5 Rxd4 34. Rxd4 Rb7 35. Kxf4 Rc7 36. Nd3 Kf7 37. Ke5 b5 38. c5 a5 39. Rd6 a4 40. b4 Kg7 41. c6 Rc8 42. Rd7+ 1-0